Stone Temple Pilots Songs by Lyric - Statistics

General Stats
  • This quiz has been taken 62 times
  • The average score is 7 of 17
Answer Stats
Lyric Song % Correct
Leavin' on a southern train / Only yesterday you lied Interstate Love Song
92%
I'm half the man I used to be Creep
85%
And I feel, and I feel when the dogs begin to smell her Plush
81%
I am smelling like a rose that somebody gave me on my birthday deathbed Dead & Bloated
78%
Conversations kill Big Empty
59%
I'm gonna learn ya my philosophy / You wanna know about atrocity? Sex Type Thing
47%
She was a happy girl when she left me Sour Girl
42%
I wanna cry, but I gotta laugh Big Bang Baby
31%
Two times and it has rendered me, punch drunk and without bail Vaseline
31%
I am, I am, I said I'm not myself / I'm not dead, and I'm not for sale Trippin' on a Hole in a Paper Heart
25%
Monday, back from the dead / I'm lettin' it go, back for another one Days of the Week
24%
Pleased to meet you / Nice to know me / What's the message? / Will you show me? Down
24%
She lives by the wall and waits by the door / She walks in the sun, to me Atlanta
22%
She hides because she don't know nothin', don't know nothin' anymore Lady Picture Show
19%
If you should die before me, ask if you can bring a friend Still Remains
15%
I can feel when she kisses me sleeping / But not when the news is on Meatplow
12%
I can hear when the pig whispers sweetly / Jealousy is the weapon you kill me Silvergun Superman
12%
No matching quizzes found
Score Distribution
Percent of People with Each Score
Percentile by Number Answered
Your Score History
You have not taken this quiz